[Event "Celerina op 12th"]
[Site "Celerina"]
[Date "2018.05.20"]
[Round "4"]
[White "Arquint, Andri"]
[Black "Wittenbrock, Frank"]
[Result "0-1"]
[WhiteElo "1950"]
[BlackElo "2002"]
[PlyCount "108"]
[EventDate "2018.05.19"]
[EventType "swiss"]
[EventRounds "5"]
[EventCountry "SUI"]
[SourceTitle "CBM 184 Extra"]
[Source "ChessBase"]
[SourceDate "2018.06.28"]
[SourceVersion "1"]
[SourceVersionDate "2018.06.28"]
[SourceQuality "1"]

1. e4 c5 2. Nc3 e6 3. Qe2 Nc6 4. Nf3 a6 5. g3 Nd4 6. Nxd4 cxd4 7. Nb1 Bc5 8. Bg2 Ne7 9. 0-0 0-0 10. d3 e5 11. Nd2 b5 12. f4 d6 13. Kh1 Qc7 14. c4 dxc3 15. bxc3 Bb7 16. Bb2 Nc6 17. Rac1 Qe7 18. f5 f6 19. Nf3 Bb6 20. Qc2 Na5 21. Nd2 Rac8 22. Nb3 Nc6 23. Qe2 b4 24. cxb4 Nxb4 25. a3 Nc6 26. Rc2 a5 27. Rfc1 a4 28. Nd2 Bd4 29. Qd1 Bxb2 30. Rxb2 Nd4 31. Rcb1 Bc6 32. Nc4 Nb3 33. Qe1 Qd8 34. Qb4 Nc5 35. Qd2 Qc7 36. Bf3 Nb3 37. Qb4 Rfd8 38. Ne3 Qa7 39. Nd1 Nc5 40. Qc4+ Kf8 41. Nc3 Qa6 42. Nb5 Nb3 43. Nxd6 Qxc4 44. Nxc4 Rxd3 45. Bg2 Rcd8 46. Re1 Rc3 47. Nb6 Nd4 48. Kg1 Rxa3 49. Rc1 Rb3 50. Ra2 Rxb6 51. Kf2 Rdb8 52. g4 Rb2+ 53. Rxb2 Rxb2+ 54. Kf1 Bb5+ 0-1

[Event "Zuerich op-B 40th"]
[Site "Zuerich"]
[Date "2016.12.30"]
[Round "7"]
[White "Giacomini, Plinio"]
[Black "Wittenbrock, Frank"]
[Result "0-1"]
[WhiteElo "1879"]
[BlackElo "2049"]
[PlyCount "50"]
[EventDate "2016.12.26"]
[EventType "swiss"]
[EventRounds "7"]
[EventCountry "SUI"]
[SourceTitle "EXT 2019"]
[Source "ChessBase"]
[SourceDate "2018.10.10"]
[SourceVersion "1"]
[SourceVersionDate "2018.10.10"]
[SourceQuality "1"]

1. e4 c5 2. Nf3 e6 3. d4 cxd4 4. Nxd4 Nc6 5. Be2 Qc7 6. 0-0 Nf6 7. Nc3 a6 8. Kh1 Bb4 9. Nxc6 bxc6 10. Bd3 d5 11. exd5 cxd5 12. Bd2 0-0 13. Qe1 Bd6 14. f4 Bb7 15. Qh4 d4 16. Rf3 Bxf3 17. gxf3 Qe7 18. Qh3 dxc3 19. Bxc3 g6 20. Rg1 Bxf4 21. a3 e5 22. Qg2 Nd5 23. Be1 Qe6 24. Bf2 Be3 25. f4 Nxf4 0-1

[Event "Zuerich op-B 40th"]
[Site "Zuerich"]
[Date "2016.12.27"]
[Round "2"]
[White "Wittenbrock, Frank"]
[Black "Suwendo, Poedjo"]
[Result "1-0"]
[WhiteElo "2049"]
[BlackElo "1840"]
[PlyCount "55"]
[EventDate "2016.12.26"]
[EventType "swiss"]
[EventRounds "7"]
[EventCountry "SUI"]
[SourceTitle "EXT 2019"]
[Source "ChessBase"]
[SourceDate "2018.10.10"]
[SourceVersion "1"]
[SourceVersionDate "2018.10.10"]
[SourceQuality "1"]

1. d4 Nf6 2. Nf3 d5 3. e3 e6 4. Bd3 c5 5. c3 Be7 6. Nbd2 c4 7. Bc2 b5 8. e4 dxe4 9. Nxe4 Bb7 10. Nfg5 Nbd7 11. Qf3 Qb6 12. Qg3 Nh5 13. Qh3 g6 14. Be3 Bd5 15. 0-0 f5 16. g4 fxg4 17. Qxg4 Ndf6 18. Qh3 Nxe4 19. Bxe4 Bxe4 20. Nxe4 0-0 21. d5 Qa6 22. d6 Nf4 23. Bxf4 Rxf4 24. Qxe6+ Rf7 25. Rad1 Qc6 26. Rd5 Bh4 27. Rc5 Re8 28. Qxf7+ 1-0